书目信息 |
| 题名: |
混凝土结构工程 下
|
|
| 作者: | ;图集编绘组 编 | |
| 分册: | 下册 | |
| 出版信息: | 北京 中国建材工业出版社 2004 |
|
| 页数: | 2册(711页) | |
| 开本: | 20×27cm | |
| 丛书名: | 工程建设新规范应用丛书 | |
| 单 册: | ||
| 中图分类: | TU755-64 | |
| 科图分类: | ||
| 主题词: | 建筑工程--各种--高等学校: 技术学院--教材 | |
| 电子资源: | ||
| ISBN: | 7-80159-559-9 | |
| 000 | 00806nam2 2200241 45 | |
| 001 | 012004000000 | |
| 005 | 20061114102057.12 | |
| 010 | @a7-80159-559-9@d49.50CNY | |
| 100 | @a20041110d2004 em y0chiy0121 ea | |
| 101 | 0 | @achi |
| 102 | @aCN@b110000 | |
| 105 | @aak z 000yy | |
| 200 | 1 | @a混凝土结构工程 下@Ahun ning tu jie gou gong cheng xia@h下册@f图集编绘组编 |
| 210 | @a北京@c中国建材工业出版社@d2004 | |
| 215 | @a2册(711页)@c图, 表格@d20×27cm | |
| 225 | 2 | @a工程建设新规范应用丛书@i工程建设分项设计施工系列图集 |
| 410 | 0 | @12001 @a工程建设新规范应用丛书 |
| 410 | 0 | @12001 @a工程建设分项设计施工系列图集 |
| 606 | 0 | @a建筑工程@x各种@x高等学校: 技术学院@j教材 |
| 690 | @aTU755-64@v4 | |
| 711 | 02 | @a图集编绘组@Atu ji bian hui zu@4编 |
| 801 | 0 | @aCN@c20061114 |
| 905 | @a10447@dTU755-64@eT885:2 | |
| 混凝土结构工程 下.下册/图集编绘组编.-北京:中国建材工业出版社,2004 |
| 2册(711页):图, 表格;20×27cm.-(工程建设新规范应用丛书.工程建设分项设计施工系列图集) |
| ISBN 7-80159-559-9:49.50CNY |
| ● |
| 相关链接 |
|
|
|
正题名:混凝土结构工程 下
索取号:TU755-64/T885:2
 
预约/预借
| 序号 | 登录号 | 条形码 | 馆藏地/架位号 | 状态 | 备注 |
| 1 | 636511 | 206365119 | 土木与交通工程学院资料室/土木与交通学院资料室 1排1列1层/ [索取号:TU755-64/T885:2] | 在馆 |